Mięśnie uda - Statystyki

Ogólne statystyki
  • Ten quiz został rozwiązany 82 razy
  • Średni wynik to 13 z 21
Statystyki odpowiedzi
Hint Odpowiedź % Poprawnych
udo dwugłowy uda
97%
udo czworogłowy uda
91%
udo krawiecki
74%
obręcz pośladkowy mały
71%
obręcz pośladkowy średni
71%
obręcz pośladkowy wielki
71%
obręcz gruszkowaty
69%
udo półbłoniasty
69%
udo półścięgnisty
66%
udo smukły
66%
udo przywodziciel wielki
63%
udo przywodziciel długi
57%
udo przywodziciel krótki
54%
obręcz bliźniaczy dolny
49%
obręcz zasłaniacz wewnętrzny
49%
obręcz biodrowo-lędźwiowy
46%
obręcz bliźniaczy górny
46%
udo napinacz powięzi szerokiej
43%
obręcz zasłaniacz zewnętrzny
43%
udo grzebieniowy
40%
obręcz czworoboczny uda
31%
Nie znaleziono quizów pasujących do podanych kryteriów
Rozkład punktacji
Procent ludzi z każdym wynikiem
Percentyl według liczby udzielonych odpowiedzi
Twoja historia wyników
Nie rozwiązałeś tego quizu